vufinder Bibliothèque Municipale de Charleval de Provence
Se connecter

Curionautes [ 78 ]

Book Cover
Support:
Langue: Francais
Publié: Bayard Presse Paris
Genre: Périodiques
Sujets:
Étiquettes: Ajouter
Pas de Tags !

LEADER 00429nxs0a2200145 450
001 16848445
100 |a 20260421d2026 u u0frey01 ba 
101 0 |a fre 
110 0 |a auu 0uu0 
200 0 |a Curionautes [ 78 ] 
207 1 |a  78 
210 |a Paris  |b 3 Rue Bayard.  |c Bayard Presse 
900 |a Périodiques 
901 |a Accessible au prêt 
995 |a Bibliothèque  |c Bibliothèque  |f 024026183  |h 024026183  |k PER CUR 05/26  |o p  |q j  |r xx  |e Bibliothèque 

Options de recherche

Historique de recherche
Recherche avancée

Trouver plus

Nouveautés

Besoin d'aide ?

Contacter un bibliothécaire